Weather in the making / (Record no. 183771)

000 -LEADER
fixed length control field 00679 a2200169 4500
003 - CONTROL NUMBER IDENTIFIER
control field NUST
005 - DATE AND TIME OF LATEST TRANSACTION
control field 20230717103630.0
040 ## - CATALOGING SOURCE
Transcribing agency Nust
082 ## - DEWEY DECIMAL CLASSIFICATION NUMBER
Classification number 551.3,FIS
100 ## - MAIN ENTRY--PERSONAL NAME
Personal name Fisk, Dorothy
9 (RLIN) 113680
245 ## - TITLE STATEMENT
Title Weather in the making /
Statement of responsibility, etc. Dorothy Fisk
260 ## - PUBLICATION, DISTRIBUTION, ETC.
Place of publication, distribution, etc. London,
Name of publisher, distributor, etc. Faber and Faber limited [
Date of publication, distribution, etc. 1940
300 ## - PHYSICAL DESCRIPTION
Extent 234 p. incl. front., illus., diagrs.
Other physical details plates. 21 cm.
505 ## - FORMATTED CONTENTS NOTE
Formatted contents note This Great Globe Itself (Page-15), The Earths Atmosphere (Page-25), Temperature and Pressure (Page-45), Wind (Page-63), The Winds (Page-84), pain , Hail , and Snow (Page-102), Clouds (Page-123), Fog (Page-148).
650 ## - SUBJECT ADDED ENTRY--TOPICAL TERM
Topical term or geographic name entry element Weather in the making
9 (RLIN) 113681
942 ## - ADDED ENTRY ELEMENTS (KOHA)
Source of classification or shelving scheme
Koha item type Book
Call number prefix 551.3,FIS
Holdings
Withdrawn status Lost status Source of classification or shelving scheme Damaged status Not for loan Permanent Location Current Location Shelving location Date acquired Full call number Barcode Date last seen Price effective from Koha item type Public note
          Military College of Signals (MCS) Military College of Signals (MCS) General Stacks 12/12/2016 551.3,FIS MCS29709 12/08/2016 12/12/2016 Book Almirah No.77, Shelf No.5
© 2023 Central Library, National University of Sciences and Technology. All Rights Reserved.